| 000 | 02318cam a22005894i 4500 | ||
|---|---|---|---|
| 003 | PE-LiUPU | ||
| 005 | 20250731180141.0 | ||
| 008 | 150706s2005 mx a r 000 0 spa d | ||
| 020 | _a9701054989 | ||
| 020 | _a9789701054987 | ||
| 035 | _a(Sirsi) i9789701054987 | ||
| 040 |
_aPE-LiUPU _bspa _cPE-LiUPU _dPE-LiUPU _erda |
||
| 049 | _aPRUA | ||
| 082 | 0 | 4 |
_a510.332 _bZ76 _221 |
| 100 | 1 |
_aZima, Petr, _eautor. |
|
| 245 | 1 | 0 |
_aMatemáticas financieras / _cPetr Zima y Robert L. Brown. |
| 250 | _a2a edición. | ||
| 264 | 1 |
_aMéxico : _bMcGraw-Hill- Interamericana, _c2005. |
|
| 300 |
_a252 páginas : _bilustraciones ; _c27 centímetros. |
||
| 336 |
_atext _2rdacontent |
||
| 337 |
_aunmediated _2rdamedia |
||
| 338 |
_avolume _2rdacarrier |
||
| 490 | 0 | _aSchaum | |
| 500 | _aTraducción de: Schaum's outline of mathematics of finance de la segunda edición. | ||
| 505 | 0 | _aExponentes y logaritmos -- Progresiones -- Interés simple y descuento simple -- Interés compuesto y descuento compuesto -- Anualidades simples -- Anualidades generales y de otras clases -- Amortización y fondo de amortización -- Bonos -- Presupuesto y depreciación de capital -- Pagos contingentes -- Rentas vitalicias y seguro de vida. | |
| 526 | _aSEG44 | ||
| 526 | _aSEG26 | ||
| 526 | _aP159 | ||
| 526 | _aP155 | ||
| 526 | _aP154 | ||
| 526 | _aP153 | ||
| 526 | _aP150 | ||
| 526 | _aP100 | ||
| 526 | _aP31 | ||
| 526 | _aP30 | ||
| 526 | _aP26 | ||
| 526 | _aP25 | ||
| 526 | _aP24 | ||
| 526 | _aP22 | ||
| 526 | _aP15 | ||
| 526 | _aP10 | ||
| 541 | _g015-0011135; | ||
| 650 | 0 | 4 | _aMatemáticas comerciales. |
| 700 | 1 |
_aBrown, Robert Leslie, _eautor. |
|
| 700 | 1 |
_aGonzález y Pozo, Virgilio, _etraductor. |
|
| 910 |
_agl _bjv _clch _d20100221 |
||
| 942 |
_2ddc _cBOOK |
||
| 949 |
_a510.332 Z76 _wDEWEY _c1 _i61011 _d2016-4-4 _e2016-3-27 _lCCODEBUL1 _mBUL _n6 _p39.00 _r0 _sY _tBOOK _u2015-7-6 _xFCE _PP08 _o.STAFF. Colección Ciencias Empresariales |
||
| 994 |
_aC0 _bPEPRU |
||
| 596 | _a1 | ||
| 999 |
_a510.332 Z76 _wDEWEY _c50349 _i61011 _d50349 _e2019-3-18 _f2021-11-5 _g7 _lCCODEBUL1 _mBUL _n16 _p39.00 _q2 _r0 _sY _tBOOK _u2015-7-6 _xBIBLIOTECA _PP08 _0COMPRA _o.STAFF. Colección Ciencias Empresariales |
||
| 980 |
_81 _gALBERTO SANCHEZ Responsable de Automatización |
||